00718nam a2200181 a 450000500170000002000250001703700080004210000290005024500770007926000330015627000880018930000290027770000230030685600780032994200170040799900170042495200950044120120105141038.0 a9788184971772c65.00 bPUB aBlacker, Terence 938342 aYour're kidding, Ms Wiz /cby Terence Blacker; illustrated by Tony Ross  aNew Delhi bBPI India c2011 aF-213 / A, Ground Floor, Old Mehrauli Badarpur Road, Lado SaraibNew Delhi e110030 a59p. c21cm(pbk) bill.  a Ross, Tony938323 3Table of contentsuhttp://www.loc.gov/catdir/toc/ecip0516/2005020735.html 2ddccCHmBLA c60360d60360 0010407-1aAGbAGd2012-01-05g65.00l0oBLAr2012-01-05 00:00:00v65.00w2012-01-05yCH